| 000 | 01135nam a2200337 i 4500 | ||
|---|---|---|---|
| 001 | 57436 | ||
| 003 | CO-BoRNBP | ||
| 005 | 20250702145646.0 | ||
| 007 | ta | ||
| 008 | 231207t2023 ck a|||br|||| 00||p spa d | ||
| 020 | _a9789585499263 | ||
| 040 |
_aCO-BoRNBP _bspa _erda _cCO-BoRNBP |
||
| 041 | 0 | _aspa | |
| 043 | _ae-sp--- | ||
| 084 | _aP MAÑ1 | ||
| 100 |
_aMañas Romero, Pedro _d1981- _eautor |
||
| 245 | 1 | 3 |
_aLa noche en el bolsillo _cPedro Mañas ; ilustraciones Mariana R. Johnson |
| 250 | _aEdición especial | ||
| 264 | 1 |
_aBogotá, Colombia _bEdiciones Monserrate, _bKalandraka Editora _c2023 |
|
| 264 | 4 | _c©2023 | |
| 300 |
_a44 páginas _bilustraciones a color _c23 cm |
||
| 336 |
_atexto _btxt _2rdacontent |
||
| 337 |
_asin mediación _bn _2rdamedia |
||
| 338 |
_avolumen _bnc _2rdacarrier |
||
| 521 | 1 | _aRecomendado para un público infantil a partir de los 6 años. | |
| 650 | 1 | 0 |
_aPoesía infantil española _ySiglo XXI _2LEMB _960666 |
| 650 | 1 | 7 |
_aLiteratura infantil española _ySiglo XXI _2LEMB _9998 |
| 650 | 1 | 7 |
_aNoche en la literatura _2LEMB _958611 |
| 700 |
_aJohnson, Mariana R. _960667 |
||
| 942 |
_2loc _cBKLITI |
||
| 999 |
_c57436 _d57436 |
||